Hurricane Irene and associated floods of August 27-30, 2011, in New Jersey /

Bibliographic Details
Main Authors: Watson, Kara M. (Author), Collenburg, Jerilyn V. (Author), Reiser, Robert G. (Author)
Corporate Author: United States. Federal Emergency Management Agency
Format: Government Document eBook
Language:English
Published: Reston, Virginia : U.S. Department of the Interior, U.S. Geological Survey, 2014.
Series:Scientific investigations report ; 2013-5234.
Subjects:
Online Access:https://purl.fdlp.gov/GPO/gpo184978

MARC

Tag First Indicator Second Indicator Subfields
LEADER 00000nam a2200000 i 4500
001 in00004593513
006 m o d f
007 cr c||||||||||
008 220805s2014 vauab ob f000 0 eng d
005 20220909153258.9
035 |a (OCoLC)on1338656348 
040 |a GPO  |b eng  |e rda  |e pn  |c GPO  |d MvI 
043 |a n-us-nj 
049 |a WWW 
074 |a 0624-B-02 (online) 
086 0 |a I 19.42/4-4:2013-5234 
100 1 |a Watson, Kara M.,  |e author. 
245 1 0 |a Hurricane Irene and associated floods of August 27-30, 2011, in New Jersey /  |c by Kara M. Watson, Jerilyn V. Collenburg, and Robert G. Reiser. 
264 1 |a Reston, Virginia :  |b U.S. Department of the Interior, U.S. Geological Survey,  |c 2014. 
300 |a 1 online resource (ix, 149 pages) :  |b color illustrations, color maps. 
336 |a text  |b txt  |2 rdacontent 
337 |a computer  |b c  |2 rdamedia 
338 |a online resource  |b cr  |2 rdacarrier 
490 1 |a Scientific investigations report ;  |v 2013-5234 
500 |a "Prepared in cooperation with the Federal Emergency Management Agency." 
500 |a GPO Cataloging Record Distribution Program (CRDP). 
504 |a Includes bibliographical references (pages 40-41). 
588 |a Description based on online resource; tTitle from PDF title page (USGS, viewed Aug. 5, 2022). 
650 0 |a Hurricane Irene, 2011. 
650 0 |a Floods  |z New Jersey. 
700 1 |a Collenburg, Jerilyn V.,  |e author. 
700 1 |a Reiser, Robert G.,  |e author. 
710 2 |a Geological Survey (U.S.),  |e issuing body. 
710 1 |a United States.  |b Federal Emergency Management Agency. 
830 0 |a Scientific investigations report ;  |v 2013-5234. 
856 4 0 |u https://purl.fdlp.gov/GPO/gpo184978  |t 0 
999 f f |s 994a0964-ef8f-4492-a609-c7ad8fc49024  |i a037c5ce-b219-4f13-9680-256ea8a39f8b  |t 0 
952 f f |a Texas A&M University  |b College Station  |c Electronic Resources  |d Available Online  |t 0  |e I 19.42/4-4:2013-5234  |h Superintendent of Documents classification 
998 f f |a I 19.42/4-4:2013-5234  |t 0  |l Available Online